000 00301nam a22001337a 4500
008 260310b |||||||| |||| 00| 0 eng d
020 _a9789389594126
040 _a02
100 _aSHARMA,B.K.
245 _aINDUSTRIAL CHEMISTRY
260 _aMEERUT
_bKRISHNA
_c2021
300 _aIO868
942 _c01
999 _c67125
_d67125